Comuni della Provincia di Avellino - Statistics

Statistiche generali
  • Questo quiz è stato fatto 144 volte
    66 dall'ultimo reset
  • Il punteggio medio è 55 su 118
Statistiche sulle risposte
Comune % Corretto
Avellino
91%
Atripalda
82%
Avella
82%
Altavilla Irpina
79%
Ariano Irpino
79%
Bisaccia
79%
Mercogliano
79%
Baiano
73%
Grottaminarda
73%
Lioni
73%
Monteforte Irpino
73%
Montemiletto
73%
Montoro
73%
Aquilonia
70%
Montella
70%
Solofra
67%
Bagnoli Irpino
64%
Conza della Campania
64%
Nusco
64%
Quindici
64%
Serino
64%
Lacedonia
61%
Fontanarosa
58%
Montefusco
58%
Montemarano
58%
San Michele di Serino
58%
Sant'Angelo dei Lombardi
58%
Taurasi
58%
Vallata
58%
Aiello del Sabato
55%
Forino
55%
Lauro
55%
Mugnano del Cardinale
55%
Pratola Serra
55%
Santa Lucia di Serino
55%
Zungoli
55%
Cassano Irpino
52%
Cervinara
52%
Mirabella Eclano
52%
Quadrelle
52%
Andretta
48%
Calitri
48%
Castel Baronia
48%
Grottolella
48%
Marzano di Nola
48%
Summonte
48%
Calabritto
45%
Caposele
45%
Gesualdo
45%
Greci
45%
Lapio
45%
Montefredane
45%
San Potito Ultra
45%
San Sossio Baronia
45%
Sturno
45%
Tufo
45%
Vallesaccarda
45%
Volturara Irpina
45%
Cesinali
42%
Frigento
42%
Guardia Lombardi
42%
Monteverde
42%
Ospedaletto d'Alpinolo
42%
Salza Irpina
42%
San Nicola Baronia
42%
Sirignano
42%
Sperone
42%
Teora
42%
Venticano
42%
Bonito
39%
Cairano
39%
Castelfranci
39%
Chianche
39%
Chiusano di San Domenico
39%
Flumeri
39%
Montefalcione
39%
Morra De Sanctis
39%
Moschiano
39%
Sant'Andrea di Conza
39%
Torella dei Lombardi
39%
Trevico
39%
Capriglia Irpina
36%
Castelvetere sul Calore
36%
Contrada
36%
Montecalvo Irpino
36%
San Martino Valle Caudina
36%
Santo Stefano del Sole
36%
Sorbo Serpico
36%
Candida
33%
Domicella
33%
Melito Irpino
33%
Pago del Vallo di Lauro
33%
Roccabascerana
33%
San Mango sul Calore
33%
Santa Paolina
33%
Senerchia
33%
Taurano
33%
Torre Le Nocelle
33%
Villamaina
33%
Manocalzati
30%
Montaguto
30%
Petruro Irpino
30%
Pietrastornina
30%
Rotondi
30%
Sant'Angelo a Scala
30%
Savignano Irpino
30%
Villanova del Battista
30%
Luogosano
27%
Pietradefusi
27%
Sant'Angelo all'Esca
27%
Scampitella
27%
Carife
24%
Casalbore
24%
Paternopoli
24%
Prata di Principato Ultra
24%
Torrioni
21%
Parolise
18%
Rocca San Felice
18%
Nessun quiz corrispondente trovato
Distribuzione punteggi
Percentuale di utenti per punteggio
Percentile per numero di risposta
I tuoi punteggi nel tempo
Non hai fatto questo quiz dall'ultimo reset